Statistics for Countries By World Leader

Click here to take the quiz!

General Stats

  • This quiz has been taken 41 times
  • The average score is 21 of 32

Answer Stats

Answer% Correct
China (Xi Jinping)
97%
North Korea (Kim Jong-Un)
97%
Russia (Vladimir Putin)
97%
Saudi Arabia (Salman bin Abdulaziz)
97%
United States (Joe Biden)
97%
Canada (Justin Trudeau)
94%
France (Emmanuel Macron)
91%
India (Narendra Modi)
91%
Japan (Fumio Kishida)
89%
Iran (Ali Khamenei)
80%
Brazil (Lula da Silva)
77%
Turkey (Recep Erdogan)
77%
United Kingdom (Rishi Sunak)
74%
Venezuela (Nicolás Maduro)
74%
South Korea (Yoon Suk-Yeol)
71%
Ukraine (Volodymyr Zelensky)
71%
Belarus (Aleksander Lukashenko)
69%
Germany (Olaf Scholz)
69%
Syria (Bashar Al-Assad)
69%
Finland (Sanna Marin)
60%
Hungary (Viktor Orbán)
57%
Bangladesh (Hasina Wazed)
51%
Italy (Giorgia Meloni)
51%
South Africa (Cyril Ramaphosa)
49%
Spain (Pedro Sánchez)
46%
Mexico (Andrés Obrador)
37%
Poland (Andrzej Duda)
34%
Denmark (Mette Frederiksen)
31%
Chile (Gabriel Borić)
29%
Australia (Anthony Albanese)
23%
Sweden (Stefan Löfven)
20%
Argentina (Alberto Fernández)
17%

Score Distribution

Percentile by Number Answered

Percent of People with Each Score

Your Score History

You have not taken this quiz